The Community Labour Force Survey in the 1990s / Proceedings of the Seminar ''The Community Labour Force Survey in the 1990s'', Luxembourg, October 1987 (Record no. 5252)
[ view plain ]
| 000 -LEADER | |
|---|---|
| fixed length control field | 01112cam a22001814a 4500 |
| 005 - ΗΜΕΡΟΜΗΝΙΑ ΚΑΙ ΩΡΑ ΤΕΛΕΥΤΑΙΑΣ ΕΝΗΜΕΡΩΣΗΣ | |
| Πεδίο ελέγχου | 20250605163456.0 |
| 008 - FIXED-LENGTH DATA ELEMENTS--GENERAL INFORMATION | |
| Πεδίο ελέγχου σταθερού μήκους | 250528s ||||||||||||||||||||||||d |
| 035 ## - SYSTEM CONTROL NUMBER | |
| System control number | 20113 |
| 020 ## - ISBN | |
| ISBN | 9282584097 |
| 040 ## - ΠΗΓΗ ΚΑΤΑΛΟΓΟΓΡΑΦΗΣΗΣ | |
| Φορέας πρωτότυπης καταλογογράφησης | MC Athens Campus Library |
| Γλώσσα καταλογογράφησης | Ελληνικά, Μοντέρνα (1453-) |
| Modifying agency | MC Athens Campus Library |
| Κανόνες περιγραφικής καταλογογράφησης | AACR2 |
| 245 1# - ΤΙΤΛΟΣ ΚΑΙ ΔΗΛΩΣΗ ΥΠΕΥΘΥΝΟΤΗΤΑΣ | |
| Τίτλος | The Community Labour Force Survey in the 1990s / Proceedings of the Seminar ''The Community Labour Force Survey in the 1990s'', Luxembourg, October 1987 |
| 260 ## - PUBLICATION, DISTRIBUTION, ETC. | |
| Name of publisher, distributor, etc. | Eurostat News, |
| Date of publication, distribution, etc. | 1988 |
| 300 ## - PHYSICAL DESCRIPTION | |
| Extent | 414 |
| 520 ## - SUMMARY, ETC. | |
| Summary, etc. | Preface, Introduction, The Community Labour Force Survey in the 1990s, Problems in the Statistical Measurement of Unemployment in the Community, Possible Improvements in the Measurement of Unemployment, Uses and Potential of National Labour Force Surveys - a User's View, The Statistical Measurement and Description of Change, The Problems of Estimating Gross Flows on the Basis of Continuous Surveys, The Transition from Annual to Quarterly Labour Force Surveys, The Canadian Labour Force Survey: A Future that Builds on the Past, Closing Remarks, List of Participants. |
| 942 ## - ADDED ENTRY ELEMENTS (KOHA) | |
| Koha item type | Books |
| Τύπος τεκμηρίου | Βιβλιοθήκη | Τρέχουσα τοποθεσία | Barcode | Αριθμός εισαγωγής | Ημερομηνία απόκτησης | Ταξιθετικό σύμβολο | Αριθμός αντιτύπου | Κατάσταση απόσυρσης | Κατάσταση χαμένου | Κατάσταση κατεστραμμένου | Μη δανεισμός | Σύνολο δανεισμών | Ημερομηνία τελευταίας εμφάνισης | Η τιμή ισχύει από |
|---|---|---|---|---|---|---|---|---|---|---|---|---|---|---|
| Books | MC Athens Campus Library | MC Athens Campus Library | 9780000052513 | 6337 | 05/06/2025 | 341.2422 EUR | 1 | 05/06/2025 | 05/06/2025 |